000
00269nam a22001217a 4500
008
181105b xxu||||| |||| 00| 0 eng d
041
_a
eng
080
_a
710
100
_a
45
101
_a
ART
245
_a
Gardner Art Through Ages
_c
Fred.S.K
942
_2
udc
_c
BK
999
_c
51785
_d
51785